Globalization and diversity : geography of a changing world /

Bibliographic Details
Other Authors: Rowntree, Lester, 1938-
Format: Book
Language:English
Published: Upper Saddle River, N.J. : Pearson Prentice Hall, [2011]
Edition:3rd ed.
Subjects:

MARC

Tag First Indicator Second Indicator Subfields
LEADER 00000cam a2200000 a 4500
001 in00002608821
005 20151201154841.0
008 090811s2011 njuab 001 0 eng
010 |a  2009033279 
020 |a 9780321651525 (pbk.) 
020 |a 0321651529 (pbk.) 
020 |a 9780321690760 (pbk.) 
020 |a 0321690761 (pbk.) 
035 |a (OCoLC)ocn430736606 
040 |a DLC  |c DLC  |d UtOrBLW 
049 |a TXAM 
050 0 0 |a HF1025  |b .G59 2011 
082 0 0 |a 330.9  |2 22 
245 0 0 |a Globalization and diversity :  |b geography of a changing world /  |c Les Rowntree [and others]. 
250 |a 3rd ed. 
264 1 |a Upper Saddle River, N.J. :  |b Pearson Prentice Hall,  |c [2011] 
264 4 |c ©2011 
300 |a xvi, 458 pages :  |b color illustrations, color maps ;  |c 28 cm. 
336 |a text  |b txt  |2 rdacontent 
337 |a unmediated  |b n  |2 rdamedia 
338 |a volume  |b nc  |2 rdacarrier 
500 |a Includes index. 
505 0 |a Globalization and diversity -- The changing global environment -- North America -- Latin America -- The Caribbean -- Sub-Saharan Africa -- Southwest Asia and North Africa -- Europe -- The Russian domain -- Central Asia -- East Asia -- South Asia -- Southeast Asia -- Australia and Oceania. 
650 0 |a Economic geography. 
650 0 |a Globalization. 
650 0 |a Cultural pluralism. 
700 1 |a Rowntree, Lester,  |d 1938- 
948 |a cataloged  |b h  |c 2010/9/3  |d c  |e dmitchel  |f 9:30:20 am 
994 |a C0  |b TXA 
999 |a MARS 
999 f f |s 6ab6fa09-a65c-3525-8f99-ec87c04295ca  |i 50b5d95b-a014-325a-9599-50d9e7ce3258  |t 0 
952 f f |p normal  |a Texas A&M University  |b College Station  |c Sterling C. Evans Library  |s Evans stk  |d Evans: Library Stacks  |t 0  |e HF1025 .G59 2011  |h Library of Congress classification  |i unmediated -- volume  |m A14839308076 
952 f f |p normal  |a Texas A&M University  |b College Station  |c Sterling C. Evans Library  |s Evans stk  |d Evans: Library Stacks  |t 0  |e HF1025 .G59 2011  |h Library of Congress classification  |i unmediated -- volume  |m A14839308034 
998 f f |a HF1025 .G59 2011  |t 0  |l Evans: Library Stacks 
998 f f |a HF1025 .G59 2011  |t 0  |l Evans: Library Stacks